De l'importance du vrai et du faux dans la classe de mathématiques

I tiakina i:
Ngā taipitopito rārangi puna kōrero
Kaituhi matua: Margolinas, Claire (autora)
Hōputu: Pukapuka
Reo:Wīwī
I whakaputaina: París La Pensée Sauvage 1993
Ngā marau:
Ngā Tūtohu: Tāpirihia he Tūtohu
Kāore He Tūtohu, Me noho koe te mea tuatahi ki te tūtohu i tēnei pūkete!

MARC

LEADER 00000nam a2200000 a 4500
001 UCZ7430
003 CL-VaPUC
008 960105e19930000FR |||||||||||||||||fre|d
082 0 4 |a 510  |b MAR  |2 21 
100 |a Margolinas, Claire  |e autora  |9 480091 
245 1 0 |a De l'importance du vrai et du faux dans la classe de mathématiques 
300 |a 256 p 
942 |c BK 
945 |d 19960105 00:00:00  |a rleighto 
260 |a París  |b La Pensée Sauvage  |c 1993 
650 0 |a Matemática  |9 260235 
650 0 |a Validación  |9 352301 
650 0 |a Evaluación  |9 271902 
650 0 |a Verificación  |9 352302 
650 0 |a Profesores   |9 308968 
650 0 |a Alumnos   |9 335074 
650 0 |a Matemáticas  |x Enseñanza  |9 875527 
583 |a last modification  |c 19960105 00:00:00  |k Rodrigo Vera 
999 |c 243508  |d 243506 
952 |0 0  |1 0  |4 0  |6 510_000000000000000_MAR_1993  |7 0  |8 A  |9 257167  |a BIBMAT  |b BIBMAT  |c E_DIDACT  |d 2019-11-19  |i 3163326  |o 510 MAR 1993  |p 3163326  |r 2025-01-07  |w 2019-11-19  |y BK  |k MAT 
952 |0 0  |1 0  |4 0  |6 510_000000000000000_MAR_1993  |7 0  |8 A  |9 257168  |a BIBMAT  |b BIBMAT  |c E_DIDACT  |d 2019-11-19  |i 3374939  |o 510 MAR 1993  |p 3374939  |r 2025-01-07  |w 2019-11-19  |y BK  |k MAT 
952 |0 0  |1 0  |4 0  |6 510_000000000000000_MAR_1993  |7 0  |8 A  |9 257169  |a BIBMAT  |b BIBMAT  |c E_DIDACT  |d 2019-11-19  |i 3587223  |o 510 MAR 1993  |p 3587223  |r 2025-01-07  |w 2019-11-19  |y BK  |k MAT